Vienna Agreement establishing an International Classification of the Figurative Elements of Marks (Record no. 78354)

MARC details
000 -LEADER
fixed length control field 00906nam a2200193 a 4500
008 - FIXED-LENGTH DATA ELEMENTS--GENERAL INFORMATION
fixed length control field 090527s1997 ||||||||||||||||| || u
020 ## - INTERNATIONAL STANDARD BOOK NUMBER
International Standard Book Number 928050424X
050 ## - LIBRARY OF CONGRESS CALL NUMBER
Classification number WIPO(02)
110 ## - MAIN ENTRY--CORPORATE NAME
Corporate name or jurisdiction name as entry element World International Property Organization (WIPO)
245 10 - TITLE STATEMENT
Title Vienna Agreement establishing an International Classification of the Figurative Elements of Marks
260 ## - PUBLICATION, DISTRIBUTION, ETC. (IMPRINT)
Place of publication, distribution, etc Geneva
Name of publisher, distributor, etc WIPO
Date of publication, distribution, etc 1997
300 ## - PHYSICAL DESCRIPTION
Extent 20p.
350 ## -
-- 0.00
500 ## - GENERAL NOTE
General note Done at Vienna on June 12, 1973 as amended on October 1, 1985
650 ## - SUBJECT ADDED ENTRY--TOPICAL TERM
Topical term or geographic name as entry element TRADEMARKS
650 ## - SUBJECT ADDED ENTRY--TOPICAL TERM
Topical term or geographic name as entry element INTELLECTUAL PROPERTY RIGHTS
995 ## - RECOMMENDATION 995 [LOCAL, UNIMARC FRANCE]
-- 0.00
-- CBU-MAIN LIBRARY (Kitwe)
-- 1
-- 0.00
-- 1
-- AVAILABLE
-- Jul 1, 2009
-- International Publications
995 ## - RECOMMENDATION 995 [LOCAL, UNIMARC FRANCE]
-- 0.00
-- CBU-MAIN LIBRARY (Kitwe)
-- 1
-- 0.00
-- 2
-- AVAILABLE
-- Jul 1, 2009
-- International Publications
Holdings
Withdrawn status Lost status Source of classification or shelving scheme Damaged status Not for loan Permanent Location Current Location Shelving location Date acquired Total Checkouts Full call number Barcode Date last seen Copy number Price effective from Koha item type
          CBU-MAIN LIBRARY, KITWE. CBU-MAIN LIBRARY, KITWE.   05/16/2023   WIPO(02)1997/2A Z03004314 05/16/2023 1 05/16/2023 SPECIAL COLLECTION
          CBU-MAIN LIBRARY, KITWE. CBU-MAIN LIBRARY, KITWE.   05/16/2023   WIPO(02)1997/2B Z03004315 05/16/2023 2 05/16/2023 SPECIAL COLLECTION